[Event "SR 2. liga A 2016/2017"]
[Site "?"]
[Date "2016.11.05"]
[Round "3.1"]
[White "Cech, Dominik"]
[Black "Sosna, Jan"]
[Result "0-1"]
[WhiteElo "2174"]
[BlackElo "2341"]
[PlyCount "112"]
[EventDate "2016.??.??"]

1. e4 e5 2. Nf3 Nc6 3. Bb5 Nf6 4. O-O Nxe4 5. Re1 Nd6 6. Nxe5 Be7 7. Bf1 O-O 8.
d4 Nf5 9. c3 Nxe5 10. Rxe5 d5 11. Qf3 g6 12. g3 c6 13. Bf4 Nd6 14. Re1 Bf5 15.
Nd2 Qd7 16. h3 Rfe8 17. Kh2 h5 18. Bd3 Bxd3 19. Qxd3 Bf8 20. Kg2 Re6 21. Rxe6
Qxe6 22. Qe3 Qf5 23. Bxd6 Bxd6 24. Nf3 a5 25. Re1 Kg7 26. Qg5 Qxg5 27. Nxg5 b5
28. Nf3 b4 29. c4 dxc4 30. Rc1 b3 31. axb3 cxb3 32. Rxc6 Bf8 33. Rb6 a4 34. Rc6
Rb8 35. Nd2 Bb4 36. Nc4 Rd8 37. Rb6 Bf8 38. Ra6 Rxd4 39. Rxa4 Bc5 40. Kf3 f6
41. Ke2 g5 42. Kf3 f5 43. Ke2 h4 44. Kf3 Re4 45. gxh4 gxh4 46. Kg2 Re2 47. Ra5
Rxf2+ 48. Kh1 Bd4 49. Rb5 Rf3 50. Kg2 Rg3+ 51. Kf1 f4 52. Rd5 Bf6 53. Rf5 f3
54. Rb5 Bd4 55. Ke1 Rg1+ 56. Kd2 f2 0-1

[Event "SR 2. liga A 2016/2017"]
[Site "?"]
[Date "2016.11.05"]
[Round "3.1"]
[White "Kapusta, Petr"]
[Black "Petrik, Stanislav"]
[Result "1-0"]
[WhiteElo "2231"]
[BlackElo "2116"]
[PlyCount "73"]
[EventDate "2016.??.??"]

1. e4 c5 2. Nf3 Nc6 3. d4 cxd4 4. Nxd4 g6 5. Nxc6 bxc6 6. Qd4 Nf6 7. e5 Nd5 8.
c4 Nb4 9. Qc3 c5 10. e6 f6 11. exd7+ Bxd7 12. Be2 Bg7 13. Be3 Na6 14. O-O Bc6
15. Qa3 Qb6 16. Nc3 Kf7 17. Rac1 Rhc8 18. Rfd1 Rab8 19. Nd5 Qb7 20. b3 e6 21.
Nf4 Bf8 22. Qb2 Nc7 23. Nh5 Be7 24. Bxc5 e5 25. Bxe7 Kxe7 26. Qd2 Ne6 27. Bg4
f5 28. Qd6+ Kf7 29. Qxe5 Qe7 30. Bxf5 gxf5 31. Qxf5+ Kg8 32. Re1 Ng7 33. Nf6+
Kf8 34. Nxh7+ Kg8 35. Nf6+ Kf8 36. Qf4 Qc7 37. Nd7+ 1-0

[Event "SR 2. liga A 2016/2017"]
[Site "?"]
[Date "2016.11.05"]
[Round "3.1"]
[White "Nemsak, Denis"]
[Black "Koutny, Petr"]
[Result "0-1"]
[WhiteElo "2009"]
[BlackElo "2126"]
[PlyCount "102"]
[EventDate "2016.??.??"]

1. c4 Nf6 2. Nc3 d5 3. cxd5 Nxd5 4. g3 g6 5. Bg2 Nb6 6. d3 Bg7 7. h4 h5 8. Be3
Nc6 9. Nf3 O-O 10. Qd2 a5 11. Bh6 Bf5 12. Rc1 Qd7 13. Bxg7 Kxg7 14. Ng5 e5 15.
Nce4 Qd5 16. O-O Qxa2 17. Nc5 f6 18. Nxb7 fxg5 19. Rxc6 gxh4 20. Rxc7+ Nd7 21.
Nc5 Rac8 22. Rxd7+ Bxd7 23. Nxd7 Rfe8 24. Nb6 Rcd8 25. Nc4 Qxc4 26. Rc1 Qd4 27.
gxh4 Rc8 28. Rxc8 Rxc8 29. Qg5 Rf8 30. Bf3 Qf4 31. Qe7+ Rf7 32. Qc5 a4 33. Bd5
Rf8 34. Kf1 Qf5 35. Be4 Qh3+ 36. Ke1 Qxh4 37. Qxe5+ Qf6 38. Qg3 Rc8 39. f4 Rc1+
40. Kd2 Qxb2+ 41. Ke3 Qb6+ 42. Kd2 Rg1 43. Qh4 Qf6 44. Qf2 Qb2+ 45. Ke3 Qc1+
46. Kd4 Qf1 47. Qh4 Qa1+ 48. Ke3 Qf6 49. Qh3 Rg4 50. Qh2 a3 51. Bd5 g5 0-1

[Event "SR 2. liga A 2016/2017"]
[Site "?"]
[Date "2016.11.05"]
[Round "3.1"]
[White "Hudacek, Josef"]
[Black "Orosi, Peter"]
[Result "1/2-1/2"]
[WhiteElo "2037"]
[BlackElo "2112"]
[PlyCount "75"]
[EventDate "2016.??.??"]

1. e4 c5 2. Ne2 Nc6 3. g3 Nf6 4. Bg2 e6 5. O-O d5 6. Nbc3 Nxe4 7. Nxe4 dxe4 8.
Bxe4 Qc7 9. d4 Bd6 10. Be3 Nxd4 11. Nxd4 cxd4 12. Bxd4 e5 13. Bc3 Bh3 14. Re1
O-O-O 15. Qf3 Be6 16. Rad1 f6 17. Bd5 Qf7 18. Bxe6+ Qxe6 19. Ba5 Bc7 20. Bxc7
Kxc7 21. Qa3 Kb8 22. Qa5 b6 23. Qa3 Rd7 24. Rd3 Rc8 25. Red1 Rxd3 26. Rxd3 Rxc2
27. Qf8+ Kb7 28. Qxg7+ Rc7 29. Qh6 Qxa2 30. Qd2 Qe6 31. Rd6 Qf5 32. Qd5+ Kb8
33. Rd8+ Rc8 34. Qd6+ Ka8 35. Qd5+ Kb8 36. Qd6+ Ka8 37. Qc6+ Kb8 38. Qd6+
1/2-1/2

[Event "SR 2. liga A 2016/2017"]
[Site "?"]
[Date "2016.11.05"]
[Round "3.1"]
[White "Petrik, Karol"]
[Black "Harastova, Viera"]
[Result "1-0"]
[WhiteElo "2109"]
[BlackElo "1871"]
[PlyCount "85"]
[EventDate "2016.??.??"]

1. e4 e5 2. Nf3 Nc6 3. d4 d6 4. Bc4 Be7 5. c3 Nf6 6. O-O O-O 7. dxe5 Nxe5 8.
Nxe5 dxe5 9. Qe2 c6 10. Bg5 Qc7 11. Nd2 Bg4 12. f3 Bh5 13. g4 Bg6 14. h4 h6 15.
Be3 Nd7 16. Qf2 b5 17. Bb3 c5 18. Bd5 Rad8 19. c4 Nb6 20. b3 Nxd5 21. cxd5 f6
22. Rfc1 Rc8 23. Rc2 Qa5 24. Rac1 Rc7 25. Bxc5 Rfc8 26. b4 Qa4 27. Nb3 Bxc5 28.
bxc5 Bxe4 29. fxe4 Qxe4 30. Qg2 Qe3+ 31. Kh1 a5 32. d6 a4 33. dxc7 axb3 34.
axb3 Rxc7 35. c6 Qxb3 36. Rd2 Qe6 37. Qd5 Kf7 38. Kg2 b4 39. Kf3 b3 40. Qxe6+
Kxe6 41. Rb2 Kd5 42. Rxb3 Rxc6 43. Rd3+ 1-0

[Event "SR 2. liga A 2016/2017"]
[Site "?"]
[Date "2016.11.05"]
[Round "3.1"]
[White "Vepy, Ivan"]
[Black "Polacik, Igor"]
[Result "0-1"]
[WhiteElo "1907"]
[BlackElo "2173"]
[PlyCount "66"]
[EventDate "2016.??.??"]

1. e4 e5 2. Bc4 Nf6 3. d3 Nc6 4. a3 Bc5 5. Nc3 d6 6. h3 Be6 7. Nd5 h6 8. Ba2
Bxd5 9. exd5 Ne7 10. c4 Nf5 11. Ne2 O-O 12. O-O Nh7 13. d4 Nxd4 14. Nxd4 Bxd4
15. Bb1 Qh4 16. Kh1 Nf6 17. f4 g6 18. Ra2 Rae8 19. Bd2 Nh5 20. Be1 Ng3+ 21.
Bxg3 Qxg3 22. b3 f5 23. Rd2 a5 24. Re2 Qh4 25. Qd2 b6 26. Rd1 Qxf4 27. Qxf4
exf4 28. Rxe8 Rxe8 29. Bc2 Bc5 30. a4 Re2 31. Bd3 Re3 32. Bc2 f3 33. gxf3 Rxf3
0-1

[Event "SR 2. liga A 2016/2017"]
[Site "?"]
[Date "2016.11.05"]
[Round "3.1"]
[White "Krajnak, Robert"]
[Black "Jarabek, Milan"]
[Result "1-0"]
[WhiteElo "2068"]
[BlackElo "1705"]
[PlyCount "59"]
[EventDate "2016.??.??"]

1. c4 e5 2. Nc3 Nf6 3. Nf3 Nc6 4. d3 d5 5. cxd5 Nxd5 6. e3 Bc5 7. Be2 Be6 8.
O-O O-O 9. Qc2 Bb6 10. a3 f5 11. b4 Qf6 12. Nxd5 Bxd5 13. b5 Na5 14. Bb2 Bxf3
15. Bxf3 g5 16. Bd5+ Kg7 17. d4 exd4 18. Rad1 c6 19. Rxd4 Kg6 20. Re4 cxd5 21.
Bxf6 dxe4 22. Ba1 Rac8 23. Qb2 Rf7 24. Qe5 Rcf8 25. Rd1 Bc7 26. Qe6+ Kh5 27. h3
f4 28. exf4 gxf4 29. Rd5+ Kh4 30. Qh6# 1-0

[Event "SR 2. liga A 2016/2017"]
[Site "?"]
[Date "2016.11.05"]
[Round "3.1"]
[White "Bartos, Bohumil"]
[Black "Stanko, Ivan"]
[Result "1/2-1/2"]
[WhiteElo "1686"]
[BlackElo "1903"]
[PlyCount "39"]
[EventDate "2016.??.??"]

1. Nf3 Nf6 2. d3 d6 3. e4 g6 4. g3 Bg7 5. Bg2 O-O 6. O-O c5 7. Re1 Nc6 8. Nbd2
Qc7 9. Nf1 Bd7 10. c3 Rac8 11. Bg5 Qb6 12. Qd2 Rfe8 13. Rab1 Ng4 14. Ne3 Nxe3
15. Bxe3 Qc7 16. Bf4 b5 17. Bh6 Bf6 18. Bg5 Bh8 19. Bf4 Bg7 20. Bh6 1/2-1/2

[Event "SR 2. liga A 2016/2017"]
[Site "?"]
[Date "2016.11.05"]
[Round "3.2"]
[White "Bednar, Jan"]
[Black "Kavon, Rastislav"]
[Result "0-1"]
[WhiteElo "2062"]
[BlackElo "2248"]
[PlyCount "56"]
[EventDate "2016.??.??"]

1. e4 c5 2. Nf3 d6 3. d4 cxd4 4. Nxd4 Nf6 5. Nc3 g6 6. Be3 Bg7 7. f3 O-O 8. Qd2
Nc6 9. Bc4 Bd7 10. h4 Rb8 11. O-O-O b5 12. Ncxb5 Na5 13. Na3 Nxc4 14. Nxc4 Qc7
15. Na3 Rfc8 16. Bh6 Qb6 17. Nb3 Bxh6 18. Qxh6 a5 19. Rd3 a4 20. Nd4 e5 21. Nf5
Bxf5 22. exf5 Qxb2+ 23. Kd2 Qb4+ 24. Ke2 Nh5 25. Kf2 e4 26. fxg6 fxg6 27. Re3
Qd2+ 28. Kg1 Rc3 0-1

[Event "SR 2. liga A 2016/2017"]
[Site "?"]
[Date "2016.11.05"]
[Round "3.2"]
[White "Puskar, Peter"]
[Black "Macka, Oto"]
[Result "1/2-1/2"]
[WhiteElo "2187"]
[BlackElo "2062"]
[PlyCount "108"]
[EventDate "2016.??.??"]

1. d4 d5 2. c4 dxc4 3. e4 e5 4. d5 Nf6 5. Nc3 c6 6. Bxc4 Bb4 7. Qd3 cxd5 8.
Bxd5 Nxd5 9. exd5 O-O 10. Nge2 Re8 11. O-O Na6 12. Be3 Bd7 13. Rfd1 Bf8 14.
Rac1 Nc5 15. Bxc5 Bxc5 16. Ne4 Bf8 17. N2c3 f5 18. Ng3 e4 19. Qc4 Rc8 20. Qb3
Qb6 21. Qxb6 axb6 22. Nge2 Bd6 23. g3 g5 24. Nd4 Kf7 25. Ncb5 Ke7 26. a4 Rxc1
27. Rxc1 Rc8 28. Rd1 Be5 29. d6+ Kf6 30. Nc3 Bxd4 31. Rxd4 Ke5 32. Rb4 Rc6 33.
Kf1 Kxd6 34. g4 Ke5 35. gxf5 Bxf5 36. Rb5+ Ke6 37. a5 bxa5 38. Rxb7 Rc5 39. Ke2
Bg6 40. Ke3 Kf5 41. Kd4 Rc8 42. Rb5+ Kf4 43. Rxa5 g4 44. b4 Kf3 45. b5 Kxf2 46.
Nxe4+ Bxe4 47. Kxe4 Rc2 48. Kd3 Rc8 49. b6 Rb8 50. Ra2+ Kf3 51. Rb2 h5 52. Kd4
h4 53. Kc5 g3 54. hxg3 hxg3 1/2-1/2

[Event "SR 2. liga A 2016/2017"]
[Site "?"]
[Date "2016.11.05"]
[Round "3.2"]
[White "Orolin, Peter"]
[Black "Bango, Lukas"]
[Result "0-1"]
[WhiteElo "2037"]
[BlackElo "2113"]
[PlyCount "56"]
[EventDate "2016.??.??"]

1. Nf3 g6 2. d4 Bg7 3. g3 b6 4. Bg2 Bb7 5. c4 Nf6 6. O-O O-O 7. Nc3 e6 8. Re1
Ne4 9. Nxe4 Bxe4 10. Bg5 Qc8 11. Qd2 Re8 12. Rac1 d6 13. Nh4 Bxg2 14. Nxg2 Nd7
15. e4 c5 16. d5 Bd4 17. dxe6 fxe6 18. Be3 Ne5 19. Qe2 Rf8 20. f4 Nc6 21. b3 a5
22. Rf1 a4 23. Ne1 axb3 24. axb3 Ra2 25. Nc2 e5 26. Bxd4 Nxd4 27. Qd3 Qh3 28.
Rf2 Rxf4 0-1

[Event "SR 2. liga A 2016/2017"]
[Site "?"]
[Date "2016.11.05"]
[Round "3.2"]
[White "Kovacocy, Pavel"]
[Black "Helbich, Branislav"]
[Result "1-0"]
[WhiteElo "2225"]
[BlackElo "1970"]
[PlyCount "95"]
[EventDate "2016.??.??"]

1. e4 e5 2. Nf3 Nc6 3. Bc4 Be7 4. c3 Nf6 5. d3 O-O 6. Bb3 d5 7. Qe2 Re8 8. O-O
Bg4 9. Bg5 dxe4 10. dxe4 Qc8 11. Nbd2 h6 12. Bh4 Nh7 13. Bg3 Ng5 14. h3 Bh5 15.
Qe3 Nxf3+ 16. Nxf3 Bf6 17. Bh4 Qd8 18. Rad1 Qe7 19. Bxf6 Qxf6 20. g4 Bg6 21.
Ne1 Qf4 22. Qxf4 exf4 23. f3 Bh7 24. Rd7 Re7 25. Rxe7 Nxe7 26. Nd3 g5 27. Ne5
Bg6 28. Rd1 Kf8 29. Rd7 Rc8 30. Nxg6+ fxg6 31. Be6 Rb8 32. Rxc7 a5 33. Kf2 b6
34. Rd7 Ke8 35. Ke2 b5 36. Ra7 a4 37. a3 Kf8 38. Rd7 Ke8 39. Rd6 Kf8 40. Kd3
Ke8 41. Kd4 Kf8 42. Ke5 Kg7 43. Rd7 Kf8 44. Kf6 Ng8+ 45. Bxg8 Kxg8 46. e5 Rb6+
47. e6 Rb8 48. Kxg6 1-0

[Event "SR 2. liga A 2016/2017"]
[Site "?"]
[Date "2016.11.05"]
[Round "3.2"]
[White "Goga, Frantisek"]
[Black "Arendas, Marek"]
[Result "1/2-1/2"]
[WhiteElo "2014"]
[BlackElo "2116"]
[PlyCount "47"]
[EventDate "2016.??.??"]

1. e4 c5 2. Nf3 e6 3. b3 d5 4. exd5 exd5 5. Bb5+ Nc6 6. Qe2+ Qe7 7. Qxe7+ Bxe7
8. Nc3 Nf6 9. d4 a6 10. Bxc6+ bxc6 11. O-O Be6 12. dxc5 Bxc5 13. Na4 Bd6 14.
Bb2 O-O 15. Nd4 Rac8 16. Nxe6 fxe6 17. Rfe1 Rfe8 18. Be5 Bxe5 19. Rxe5 Nd7 20.
Re2 c5 21. Rae1 Kf7 22. Nb2 a5 23. f3 g5 24. Kf2 1/2-1/2

[Event "SR 2. liga A 2016/2017"]
[Site "?"]
[Date "2016.11.05"]
[Round "3.2"]
[White "Szitkey, Milan"]
[Black "Novak, Stanislav"]
[Result "0-1"]
[WhiteElo "2096"]
[BlackElo "1964"]
[PlyCount "46"]
[EventDate "2016.??.??"]

1. e4 d6 2. d4 Nf6 3. Nc3 g6 4. f3 Bg7 5. Be3 O-O 6. Qd2 a6 7. O-O-O b5 8. g4
Nbd7 9. g5 Ne8 10. h4 Nb6 11. h5 b4 12. Nb1 c5 13. hxg6 fxg6 14. dxc5 Bxb2+ 15.
Kxb2 Na4+ 16. Kc1 Qa5 17. Bc4+ e6 18. cxd6 Bd7 19. Qh2 Rf7 20. Rd5 Bb5 21. Rxb5
axb5 22. Bxe6 Kf8 23. Bxf7 b3 0-1

[Event "SR 2. liga A 2016/2017"]
[Site "?"]
[Date "2016.11.05"]
[Round "3.2"]
[White "Henc, Marian"]
[Black "Puchart, Vladimir"]
[Result "1-0"]
[WhiteElo "1884"]
[BlackElo "2061"]
[PlyCount "70"]
[EventDate "2016.??.??"]

1. c4 Nf6 2. Nf3 c6 3. g3 d5 4. cxd5 cxd5 5. d4 Nc6 6. Nc3 Bf5 7. a3 e6 8. Bg2
Bd6 9. Bd2 Qb6 10. Na4 Qb5 11. b4 a5 12. Nc3 Qb6 13. Na4 Qb5 14. Nc3 Qb6 15.
Qa4 Ne4 16. Nb5 O-O 17. Nxd6 axb4 18. Qb5 Qc7 19. Nxf5 exf5 20. Bxb4 Nxb4 21.
Qxb4 Rfc8 22. O-O f4 23. Ne5 Nc3 24. Bf3 Ra4 25. Qb3 Rxd4 26. Nd3 fxg3 27. hxg3
g6 28. Rac1 Rc4 29. Rc2 h5 30. Nb4 Qe5 31. Rfc1 h4 32. g4 Ne4 33. Rxc4 dxc4 34.
Rxc4 Rxc4 35. Qxc4 Nd2 1-0

[Event "SR 2. liga A 2016/2017"]
[Site "?"]
[Date "2016.11.05"]
[Round "3.2"]
[White "Kolenak, Matus"]
[Black "Halasz, Michal"]
[Result "0-1"]
[WhiteElo "1988"]
[BlackElo "1673"]
[PlyCount "132"]
[EventDate "2016.??.??"]

1. e4 e6 2. d4 d5 3. exd5 exd5 4. Nf3 Bg4 5. Bd3 Bd6 6. O-O Ne7 7. Bg5 O-O 8.
Re1 h6 9. Bh4 g5 10. Bg3 Bxg3 11. hxg3 Nd7 12. Qd2 Ng6 13. Nc3 c6 14. Re3 Kg7
15. Rae1 Be6 16. Qe2 Re8 17. Bf5 Ngf8 18. g4 Nf6 19. Ne5 Bxf5 20. gxf5 N8d7 21.
Rg3 c5 22. Qd2 cxd4 23. Qxd4 Qb6 24. Qxb6 axb6 25. Nd3 Rxe1+ 26. Nxe1 d4 27.
Nb5 Rxa2 28. b3 Ne4 29. Rd3 Ra5 30. Nxd4 Ndf6 31. Kf1 Rd5 32. c4 Rd7 33. Nec2
h5 34. Re3 Kf8 35. f3 Nd6 36. Re1 Re7 37. Ra1 Re8 38. Kf2 Kg7 39. Ra4 Nd7 40.
Rb4 Kf6 41. Ne3 Ke5 42. Ne2 Ra8 43. Nc3 Ra6 44. Na4 Nc5 45. Ke2 Nxb3 46. Rxb3
Rxa4 47. Rxb6 Ra6 48. Rb2 Rc6 49. Kd3 b6 50. Rb1 f6 51. g4 h4 52. Rc1 b5 53.
Re1 bxc4+ 54. Nxc4+ Kd5 55. Nd2 Nb7 56. Ne4 Nc5+ 57. Nxc5 Rxc5 58. f4 Rc4 59.
fxg5 fxg5 60. Rf1 Rf4 61. Rxf4 gxf4 62. Ke2 Ke5 63. Kf3 h3 64. Kf2 Kf6 65. Kg1
f3 66. Kf2 h2 0-1

[Event "SR 2. liga A 2016/2017"]
[Site "?"]
[Date "2016.11.05"]
[Round "3.3"]
[White "Karas, Marek"]
[Black "Duben, Igor"]
[Result "1/2-1/2"]
[WhiteElo "2217"]
[BlackElo "2221"]
[PlyCount "79"]
[EventDate "2016.??.??"]

1. d4 e6 2. c4 d5 3. Nf3 Nf6 4. g3 Be7 5. Bg2 O-O 6. O-O Nbd7 7. Qc2 c6 8. Nbd2
Re8 9. b3 b6 10. e4 dxe4 11. Nxe4 Bb7 12. Nxf6+ Bxf6 13. Bb2 Qc7 14. Rad1 Red8
15. Rd2 Rac8 16. Rfd1 h6 17. Bc3 a5 18. Qb2 Ra8 19. Ne5 Nxe5 20. dxe5 Rxd2 21.
Rxd2 Bg5 22. f4 Be7 23. Qc2 Rd8 24. Rxd8+ Qxd8 25. Qd2 Qxd2 26. Bxd2 Bc5+ 27.
Kf1 Kf8 28. Ke2 Ke7 29. Be3 Bxe3 30. Kxe3 Kd7 31. c5 b5 32. a3 Kc7 33. b4 axb4
34. axb4 Bc8 35. h4 Bd7 36. Be4 Kd8 37. g4 g6 38. f5 g5 39. hxg5 hxg5 40. f6
1/2-1/2

[Event "SR 2. liga A 2016/2017"]
[Site "?"]
[Date "2016.11.05"]
[Round "3.3"]
[White "Sosovicka, Matej"]
[Black "Jozefek, Michal"]
[Result "1-0"]
[WhiteElo "2190"]
[BlackElo "2193"]
[PlyCount "67"]
[EventDate "2016.??.??"]

1. e4 c5 2. Nf3 d6 3. d4 cxd4 4. Nxd4 Nf6 5. Nc3 Nc6 6. Bg5 e6 7. Qd2 a6 8.
O-O-O Bd7 9. f4 Be7 10. Nf3 h6 11. Bxf6 gxf6 12. Bd3 Qa5 13. Kb1 O-O-O 14. f5
Kb8 15. Rhe1 Ne5 16. Nd4 Qb4 17. Nce2 Qc5 18. c3 Nxd3 19. Qxd3 e5 20. Nc2 Bb5
21. Qf3 d5 22. exd5 Rd7 23. Ne3 Rhd8 24. Ng3 Qb6 25. c4 Ba4 26. Rd3 Qb4 27. Rc1
Bc5 28. Ne4 Bd4 29. b3 Qa3 30. Qe2 b5 31. bxa4 Qxa4 32. Qc2 bxc4 33. Qxa4 cxd3
34. Nc5 1-0

[Event "SR 2. liga A 2016/2017"]
[Site "?"]
[Date "2016.11.05"]
[Round "3.3"]
[White "Gasa, Patrik"]
[Black "Oprea, Erik"]
[Result "1-0"]
[WhiteElo "2139"]
[BlackElo "2188"]
[PlyCount "111"]
[EventDate "2016.??.??"]

1. d4 c5 2. e4 cxd4 3. c3 d3 4. Bxd3 Nc6 5. Nf3 d6 6. h3 Nf6 7. Bg5 h6 8. Be3
Qc7 9. O-O g5 10. Nd4 g4 11. h4 Ne5 12. Na3 a6 13. Nac2 e6 14. a4 b6 15. Re1
Bb7 16. Bf4 Nxd3 17. Qxd3 e5 18. Bg3 O-O-O 19. Nf5 Nh5 20. Nb4 a5 21. Nd5 Bxd5
22. Qxd5 Nf6 23. Qd3 Kb7 24. b4 Ra8 25. Red1 Qc6 26. b5 Qxe4 27. Nxd6+ Bxd6 28.
Qxd6 Ne8 29. Qe7+ Nc7 30. Bxe5 Rac8 31. Rd7 Qc4 32. Bxh8 Rxh8 33. Qf6 Rc8 34.
Rd6 Na8 35. Re1 Rc7 36. Re7 Rxe7 37. Qxe7+ Nc7 38. Rc6 Qxc6 39. bxc6+ Kxc6 40.
Qxf7 b5 41. axb5+ Nxb5 42. Qc4+ Kb6 43. f4 Nd6 44. Qd4+ Kc6 45. f5 h5 46. f6 g3
47. Qa4+ Kb6 48. f7 Nxf7 49. Qb3+ Kc5 50. Qxf7 a4 51. Qxh5+ Kc4 52. Qa5 Kd3 53.
Qxa4 Ke2 54. Qe4+ Kd1 55. Qf3+ Kd2 56. c4 1-0

[Event "SR 2. liga A 2016/2017"]
[Site "?"]
[Date "2016.11.05"]
[Round "3.3"]
[White "Sosovicka, Jakub"]
[Black "Spacek, Oliver"]
[Result "0-1"]
[WhiteElo "1976"]
[BlackElo "2081"]
[PlyCount "72"]
[EventDate "2016.??.??"]

1. e4 c5 2. Nf3 e6 3. d4 cxd4 4. Nxd4 Nf6 5. Nc3 Nc6 6. Ndb5 d6 7. Bf4 e5 8.
Bg5 a6 9. Na3 b5 10. Nd5 Be7 11. Bxf6 Bxf6 12. c3 O-O 13. Nc2 Bg5 14. a4 bxa4
15. Rxa4 Kh8 16. Bc4 a5 17. O-O f5 18. f3 Ne7 19. Nxe7 Bxe7 20. Kh1 Qb6 21. b4
Bb7 22. Bd5 fxe4 23. fxe4 Bxd5 24. exd5 axb4 25. Rxa8 Rxa8 26. Nxb4 Bf6 27. Qg4
Qc5 28. Qe6 Qxc3 29. Qxd6 h6 30. h3 e4 31. Qc6 Rd8 32. Qb6 e3 33. Rxf6 Qa1+ 34.
Kh2 Qxf6 35. Qxf6 gxf6 36. Kg1 Rb8 0-1

[Event "SR 2. liga A 2016/2017"]
[Site "?"]
[Date "2016.11.05"]
[Round "3.3"]
[White "Sefcik, Marek"]
[Black "Hurban, Martin"]
[Result "0-1"]
[WhiteElo "2035"]
[BlackElo "1966"]
[PlyCount "84"]
[EventDate "2016.??.??"]

1. Nf3 d5 2. b3 c5 3. e3 Nc6 4. Bb2 Nf6 5. Bb5 Bd7 6. O-O a6 7. Bxc6 Bxc6 8.
Ne5 g6 9. d3 Bg7 10. Nd2 O-O 11. f4 Qc7 12. Qe1 Rad8 13. Qh4 b5 14. Rf3 Bb7 15.
Rh3 Bc8 16. g4 h5 17. gxh5 Bxh3 18. Qxh3 Nxh5 19. Ndf3 c4 20. Bd4 cxd3 21. cxd3
Qc2 22. b4 e6 23. Nxg6 fxg6 24. Qxe6+ Kh7 25. Ng5+ Kh6 26. Bxg7+ Nxg7 27. Nf7+
Rxf7 28. Qxf7 Qxd3 29. Re1 Re8 30. Kf2 Qd2+ 31. Re2 Qxb4 32. Qxd5 Qe4 33. Qg5+
Kh7 34. Qf6 Re6 35. Qf7 Qh1 36. Kg3 Qg1+ 37. Kf3 Qf1+ 38. Rf2 Qh3+ 39. Ke2
Rxe3+ 40. Kd2 Rd3+ 41. Kc2 Rc3+ 42. Kb2 Qe3 0-1

[Event "SR 2. liga A 2016/2017"]
[Site "?"]
[Date "2016.11.05"]
[Round "3.3"]
[White "Kosegi, Marek"]
[Black "Diviak, Rastislav"]
[Result "1-0"]
[WhiteElo "1910"]
[BlackElo "1973"]
[PlyCount "101"]
[EventDate "2016.??.??"]

1. e4 c5 2. Nf3 a6 3. c4 Nc6 4. Nc3 g6 5. d4 cxd4 6. Nxd4 Bg7 7. Be3 d6 8. Be2
Nf6 9. O-O O-O 10. Nxc6 bxc6 11. f4 Qa5 12. Bf3 Rb8 13. Qa4 Qxa4 14. Nxa4 Ng4
15. Bxg4 Bxg4 16. Rab1 Be2 17. Rfe1 Bxc4 18. b3 Bd3 19. Rbc1 c5 20. Nc3 Rb4 21.
e5 Re8 22. Nd5 Rb7 23. Bf2 dxe5 24. fxe5 c4 25. bxc4 Rb2 26. c5 e6 27. Nb6 Bh6
28. Be3 Bxe3+ 29. Rxe3 Rb1 30. Rxb1 Bxb1 31. c6 Re7 32. Rc3 Rc7 33. Na8 Rc8 34.
c7 Rxa8 35. c8=Q+ Rxc8 36. Rxc8+ Kg7 37. a4 Bd3 38. Kf2 h5 39. Ke3 Bf1 40. g3
g5 41. Rc1 Bg2 42. Kd4 Kg6 43. Rc7 f5 44. exf6 Kxf6 45. Rc2 Bd5 46. Rf2+ Kg6
47. Rb2 Bc6 48. a5 Kf5 49. Rb6 e5+ 50. Ke3 Bb5 51. Rxb5 1-0

[Event "SR 2. liga A 2016/2017"]
[Site "?"]
[Date "2016.11.05"]
[Round "3.3"]
[White "Ocko, Martin"]
[Black "Lobodas, Andrej"]
[Result "1-0"]
[WhiteElo "1870"]
[BlackElo "1916"]
[PlyCount "103"]
[EventDate "2016.??.??"]

1. e4 g6 2. d4 d6 3. c4 Bg7 4. Nc3 e5 5. Be3 Ne7 6. Nge2 O-O 7. Qd2 exd4 8.
Nxd4 Nbc6 9. Be2 Be6 10. O-O Nxd4 11. Bxd4 Bxd4 12. Qxd4 Nc6 13. Qd2 Qh4 14.
Nd5 Rac8 15. g3 Qd8 16. Qc3 f5 17. Bd3 Bxd5 18. cxd5 Ne5 19. f4 Nxd3 20. Qxd3
fxe4 21. Qxe4 Qf6 22. Rf2 Rfe8 23. Qb4 b6 24. Rc1 Re7 25. Rfc2 a5 26. Qc4 Rce8
27. Qc3 Qf5 28. Rd1 Qg4 29. Rdc1 h5 30. Qf6 Rf7 31. Qg5 Qxg5 32. fxg5 Ree7 33.
h4 Kf8 34. Rf2 Rxf2 35. Kxf2 Rf7+ 36. Kg2 Ke8 37. g4 Kd7 38. Kg3 hxg4 39. Kxg4
Rh7 40. Rf1 c6 41. dxc6+ Kxc6 42. Rf6 Rg7 43. h5 gxh5+ 44. Kxh5 Kd7 45. Kh6 Rg8
46. g6 Rh8+ 47. Kg7 Rh2 48. Rf5 Rxb2 49. Kf6 Rxa2 50. g7 Rg2 51. Rg5 Rf2+ 52.
Kg6 1-0

[Event "SR 2. liga A 2016/2017"]
[Site "?"]
[Date "2016.11.05"]
[Round "3.3"]
[White "Ochrana, Ladislav"]
[Black "Sobek, Michal"]
[Result "1-0"]
[WhiteElo "1937"]
[BlackElo "1805"]
[PlyCount "79"]
[EventDate "2016.??.??"]

1. e4 d5 2. exd5 Nf6 3. c4 c6 4. dxc6 Nxc6 5. Nf3 Bg4 6. Be2 e6 7. O-O Bc5 8.
Nc3 O-O 9. d3 Qc7 10. Nb5 Qd7 11. Be3 Be7 12. Qb1 Rfd8 13. Rd1 a6 14. Nc3 Rac8
15. a3 h6 16. Bb6 Re8 17. Ne4 Nh5 18. Be3 Qc7 19. h3 Bf5 20. Qc1 Red8 21. Nc3
Na5 22. Nd2 Nf6 23. b4 Nc6 24. Nde4 Bg6 25. Nc5 Nd4 26. Bxd4 Rxd4 27. Nb3 Rdd8
28. Qe3 Nh5 29. Ne4 Nf4 30. Bf1 b6 31. c5 bxc5 32. Nbxc5 Nd5 33. Qe1 Qa7 34. d4
Rc6 35. Rac1 f5 36. Nc3 Bg5 37. Rc2 f4 38. Bd3 Bh5 39. Rb1 f3 40. g4 1-0

[Event "SR 2. liga A 2016/2017"]
[Site "?"]
[Date "2016.11.05"]
[Round "3.4"]
[White "Jablonicky, Martin"]
[Black "Macko, Miroslav"]
[Result "1-0"]
[WhiteElo "2262"]
[BlackElo "2169"]
[PlyCount "69"]
[EventDate "2016.??.??"]

1. Nf3 d5 2. d4 c5 3. c4 cxd4 4. cxd5 Nf6 5. Qxd4 Qxd5 6. Nc3 Qxd4 7. Nxd4 e5
8. Ndb5 Na6 9. g3 Bd7 10. Bg2 Bc6 11. O-O Bxg2 12. Kxg2 Be7 13. Be3 b6 14. Rfd1
O-O 15. Bg5 Nc5 16. b4 Ne6 17. Bxf6 Bxf6 18. Nd5 e4 19. Nxf6+ gxf6 20. Nd6 Kg7
21. Rac1 a5 22. b5 Nc5 23. Nc4 Na4 24. Rd6 Rad8 25. Rc6 Rfe8 26. Rc2 Re6 27. g4
Kg6 28. Ne3 Nc5 29. Kg3 h5 30. h3 hxg4 31. hxg4 Rxc6 32. bxc6 Rc8 33. Nd5 Kg5
34. Nxb6 Rxc6 35. Na4 1-0

[Event "SR 2. liga A 2016/2017"]
[Site "?"]
[Date "2016.11.05"]
[Round "3.4"]
[White "Bronis, Marian"]
[Black "Danada, Tomas"]
[Result "1/2-1/2"]
[WhiteElo "2117"]
[BlackElo "2244"]
[PlyCount "40"]
[EventDate "2016.??.??"]

1. d4 g6 2. c4 Bg7 3. Nc3 c5 4. d5 f5 5. Nf3 Bxc3+ 6. bxc3 Qa5 7. Qc2 Nf6 8.
Bh6 d6 9. e3 Nbd7 10. Be2 Nb6 11. O-O Bd7 12. a4 Ne4 13. Ra3 e5 14. Ne1 Rg8 15.
f3 Nf6 16. Bg5 Kf7 17. g4 Rg7 18. Bh6 Rgg8 19. Bg5 Rg7 20. Bh6 Rgg8 1/2-1/2

[Event "SR 2. liga A 2016/2017"]
[Site "?"]
[Date "2016.11.05"]
[Round "3.4"]
[White "Slobodnik, Michal"]
[Black "Sukuba, Zdeno"]
[Result "1/2-1/2"]
[WhiteElo "2075"]
[BlackElo "2143"]
[PlyCount "84"]
[EventDate "2016.??.??"]

1. d4 Nf6 2. Bf4 d5 3. e3 c6 4. c3 Bf5 5. Nf3 e6 6. Bd3 Bxd3 7. Qxd3 Qb6 8. O-O
Be7 9. Nbd2 O-O 10. b4 a5 11. Rfb1 a4 12. c4 dxc4 13. Nxc4 Qb5 14. a3 Nd5 15.
Bg3 Nd7 16. Qc2 Rfc8 17. e4 N5f6 18. Bd6 Bd8 19. Re1 Ne8 20. e5 Nb6 21. Nfd2
Nxc4 22. Nxc4 Qd5 23. Rad1 b5 24. Ne3 Qb3 25. Qd2 Nxd6 26. exd6 Bg5 27. Qc1
Bxe3 28. Rxe3 Qd5 29. Qc5 Rd8 30. Qxd5 cxd5 31. Rc1 Rxd6 32. Rc5 Rb8 33. Rec3
g5 34. Rc7 Rdd8 35. R3c5 Kg7 36. Kf1 h5 37. Ke2 Kg6 38. Ke3 Rb6 39. Re7 Rbb8
40. Rec7 Rd6 41. Re7 Rdd8 42. Rec7 Rb6 1/2-1/2

[Event "SR 2. liga A 2016/2017"]
[Site "?"]
[Date "2016.11.05"]
[Round "3.4"]
[White "Biro, Karol"]
[Black "Packa, Ladislav"]
[Result "1-0"]
[WhiteElo "2087"]
[BlackElo "2139"]
[PlyCount "95"]
[EventDate "2016.??.??"]

1. c4 g6 2. Nc3 Bg7 3. d4 Nf6 4. g3 O-O 5. Bg2 d6 6. e3 c6 7. Nge2 Nbd7 8. d5
cxd5 9. cxd5 a6 10. O-O b5 11. Nd4 Nb6 12. e4 Bb7 13. b3 Qc7 14. Bb2 Rae8 15.
Rc1 Qb8 16. Qd2 e6 17. dxe6 fxe6 18. Qe2 Nfd7 19. Nb1 Nc5 20. b4 Nca4 21. Nc6
Qa8 22. Bxg7 Kxg7 23. Na5 Rf7 24. Nc3 Nxc3 25. Rxc3 Rc8 26. Rfc1 Rxc3 27. Rxc3
Qb8 28. Bh3 e5 29. Qe3 Na4 30. Rd3 Nb2 31. Rd2 Na4 32. Be6 Rf6 33. Bb3 Bc8 34.
Rc2 Bd7 35. f4 exf4 36. gxf4 Qb6 37. Qxb6 Nxb6 38. Rc7 Rxf4 39. Rb7 Kf6 40.
Rxb6 Bh3 41. Rxd6+ Ke5 42. Rd1 Kxe4 43. Bd5+ Ke3 44. a3 Ke2 45. Rc1 Rd4 46. Bb7
Rd3 47. Bxa6 Rd5 48. Bb7 1-0